• 首页
  • 本馆介绍
  • 公告通知
  • 最新文献
  • 馆藏检索
  • 电子资源
  • 读者导购
  • 参考咨询
  • 我的图书馆
  • 登录
  • 详细信息显示
  • 放入我的书架
  • 预约/预借图书
  • 作者相关作品
  • 分类相关作品
  • 丛书相关作品
  • 出版社相关作品

书目信息

  • 表格格式
  • 工作单格式
  • 卡片格式
题名:
家庭营养顾问
    
 
作者: 白小良 著
分册:  
出版信息: 北京   中国人口出版社  2003
页数: 296页
开本: 29cm
丛书名: 科文健康文库
单 册:
中图分类: R151.4
科图分类:
主题词: 营养学
电子资源:
ISBN: 7-80079-841-0
000 00937oam2 2200253 45
001 002500159
005 20050112083815.9
010    @a7-80079-841-0@dCNY60.00
100    @a20030905d2003 em y0chiy0110 ea
101 0  @achi
102    @aCN@b110000
105    @aa z 001yy
200 1  @a家庭营养顾问@Ajia ting ying yang gu wen@f(中国台湾)白小良著@F(Zhong Guo Tai Wan)Bai Xiao Liang Zhu
210    @a北京@c中国人口出版社@d2003
215    @a296页@c图@d29cm
225 2  @a科文健康文库
300    @a美国医学出版协会主席Eric Newman郑重推荐资深营养学博士为您倾情打造营养配方
330    @a本书包括七篇:认识营养,各年龄段营养需要,与营养有关疾病的预防与营养治疗,营养与生活,各种疾病·考虑选用的限制饮食,特定营养素食物归类表(中国台湾地区食品)、营养计算工具。
410    @12001 @a科文健康文库
606 0  @a营养学
690    @aR151.4@v4
701  0 @a白小良@4著
801  0 @aCN@bNLC@c20040109
905    @b341969-970@dR151.4@e26@f2
    
    家庭营养顾问/(中国台湾)白小良著.-北京:中国人口出版社,2003
    296页:图;29cm.-(科文健康文库)
    美国医学出版协会主席Eric Newman郑重推荐资深营养学博士为您倾情打造营养配方
    
    ISBN 7-80079-841-0:CNY60.00
    本书包括七篇:认识营养,各年龄段营养需要,与营养有关疾病的预防与营养治疗,营养与生活,各种疾病·考虑选用的限制饮食,特定营养素食物归类表(中国台湾地区食品)、营养计算工具。
●
相关链接 在E读中查询图书 在五车中查询图书 在当当中查询图书 在豆瓣中查询图书


正题名:家庭营养顾问     索取号:R151.4/26         预约/预借

序号 登录号 条形码 馆藏地/架位号 状态 备注
1 0341969   203419693   第二样本阅览室/ [索取号:R151.4/26] 在馆    
2 0341970   203419700   工具书阅览室/ [索取号:R151.4/26] 在馆    
唐山师范学院图书馆 欢迎您!
大连网信软件有限公司© 版权所有